|
|
|
|
| LEADER |
00000cam a2200000 a 4500 |
| 001 |
vtls010471313 |
| 003 |
SK-MaSNL |
| 005 |
20260301214401.0 |
| 008 |
240314s2012 xo al e n 000 0 slo |
| 015 |
|
|
|a SNBA2013
|
| 020 |
|
|
|a 9788010018802
|q (brož.)
|
| 035 |
|
|
|a AEA43954-FA1B-4F81-A7C6-2971B29771D3
|
| 035 |
|
|
|a urn:nbn:sk:snk-amkbkr
|
| 035 |
|
|
|a urn:nbn:sk:snk-am008emb
|
| 040 |
|
|
|a SNK
|b slo
|c SNK
|e AACR2
|
| 041 |
0 |
|
|a slo
|
| 044 |
|
|
|a xo
|c SK
|
| 072 |
|
7 |
|a 658
|x Riadenie a správa podniku
|2 konspekt
|
| 072 |
|
7 |
|a 37.016
|x Učebné osnovy. Vyučovacie predmety. Učebnice
|2 konspekt
|
| 080 |
|
|
|a 658
|2 2001
|
| 080 |
|
|
|a (075.3)
|2 2001
|
| 100 |
1 |
|
|a Orbánová, Darina,
|d 1956-
|4 aut
|9 200317
|
| 245 |
1 |
0 |
|a Podniková ekonomika pre 1. ročník študijného odboru obchodná akadémia
|c Darina Orbánová, Ľudmila Velichová ; [ilustrácie Táňa Žitňanová]
|
| 250 |
|
|
|a 3. preprac. a dopl. vyd.
|
| 260 |
|
|
|a Bratislava
|b Slovenské pedagogické nakladateľstvo - Mladé letá
|c 2012
|
| 300 |
|
|
|a 239 s.
|b ilustr., tab.
|c 30 cm
|
| 504 |
|
|
|a Bibliogr. s. [240]
|
| 650 |
0 |
7 |
|a podniková ekonomika
|2 SNKPH
|9 3955
|
| 650 |
0 |
7 |
|a Managerial economics
|2 SNKPHeng
|9 267336
|
| 655 |
|
7 |
|a učebnice stredných škôl
|2 SNKPH
|9 69323
|
| 655 |
|
7 |
|a Textbooks (secondary)
|2 SNKPHeng
|9 276359
|
| 700 |
1 |
|
|a Velichová, Ľudmila,
|d 1958-
|4 aut
|9 160879
|
| 700 |
1 |
|
|a Žitňanová, Tatiana,
|d 1956-
|4 ill
|9 86022
|
| 852 |
|
|
|a Štátna vedecká knižnica v Banskej Bystrici
|
| 919 |
|
|
|a 978-80-10-01880-2
|
| 958 |
|
|
|a NB
|
| 999 |
|
|
|c 924608
|d 926538
|
| 952 |
|
|
|a SNK
|b SNK
|y PREZ
|7 0
|p 17A1061213
|o snkSB 84415
|i snk2013/1918
|8 0
|0 0
|1 0
|4 0
|d 2013-01-25
|f 1
|l 0
|r 2025-05-07 00:00:00
|w 2026-02-24
|
| 952 |
|
|
|a SNK
|b SNK
|y VYP
|7 0
|p 17A1061216
|o snkSB 84415 D1
|i snk2013/1919
|8 0
|0 0
|1 0
|4 0
|d 2013-01-25
|l 0
|r 2016-06-30 00:00:00
|w 2026-02-24
|